00374nam a2200145Ia 4500008004100000020002200041041000800063082001400071100001500085245005100100250001100151260004100162300001700203650000800220260601s2025 xx 000 0 und d a978-93-5464-431-3 aeng a005.8/STA aSTAMP MARK aINFORMATION SECURITYbPRINCIPLES AND PRACTICES a3rd ed aNEW DELHIbWILEY INDIA PVT LTDc2025 aP.B,XXII,530 aMCA